00696cam a22002177a 4500003000500000005001700005008004100022010001000063011001000073020001500083035001100098040000900109082001800118100002600136245012700162260004600289300003300335650004600368650003700414650002700451CHAP20220329143029.0050919d1992 mx r 00110 spa d a90925 a91897 a9688422819 a102460 cCHAP04a338.10972bT700aTeresa, Ana Paula de.10aCrisis agrícola y economía campesina :bel caso de los productores de Henequén en Yucatánc/por Ana Pula de Teresa aMéxico :bUAM. Unidad Iztapalapa,c1992 a305 p. :bgráfs.; cuadros.14aAgriculturaxAspectos economicoszMexico.14aAgriculturaxHistoriaxMéxico.14aHenequénxYucatán.